| Tag |
First Indicator |
Second Indicator |
Subfields |
| LEADER |
00000cgm a2200000Ia 4500 |
| 001 |
in00002781515 |
| 005 |
20151202171348.0 |
| 007 |
vd cvaizq |
| 008 |
040723s2003 cau104 g vleng d |
| 024 |
1 |
|
|a 031398122944
|
| 028 |
0 |
2 |
|a LG15913
|b Lions Gate
|
| 035 |
|
|
|a (OCoLC)ocm55998630
|
| 035 |
|
|
|a (OCoLC)55998630
|
| 040 |
|
|
|a WIQ
|c WIQ
|d OCLCQ
|d OCL
|d OCLCA
|d RBN
|d UtOrBLW
|
| 049 |
|
|
|a TXAM
|
| 090 |
|
|
|a PN1995.9.H6
|b U63 2003
|
| 245 |
0 |
4 |
|a The unnamable II /
|c Lions Gate Entertainment and Yankee Classic Pictures presents ; in association with AM East Productions, Prism Pictures, and New Age Entertainment Ltd. ; executive producers, Kris Gee, B. Sho, Ron Gale, Phil Grace ; screenplay by Jean-Paul Ouellette ; co-producer, Alexandra Durrell ; producer and director, Jean-Paul Ouellette.
|
| 246 |
1 |
|
|i Title on container:
|a H.P. Lovecraft's The unnamable II
|
| 246 |
3 |
|
|a Unnamable two
|
| 246 |
3 |
|
|a Unnamable 2
|
| 264 |
|
1 |
|a [Los Angeles?] :
|b Prism Entertainment ;
|c [2003]
|
| 264 |
|
2 |
|a [Santa Monica, Calif.] :
|b Distributed by Lions Gate Home Entertainment,
|
| 264 |
|
4 |
|c ©2003
|
| 300 |
|
|
|a 1 videodisc (104 min.) :
|b sound, color ;
|c 4 3/4 in.
|
| 336 |
|
|
|a two-dimensional moving image
|b tdi
|2 rdacontent
|
| 337 |
|
|
|a video
|b v
|2 rdamedia
|
| 338 |
|
|
|a videodisc
|b vd
|2 rdacarrier
|
| 538 |
|
|
|a DVD.
|
| 546 |
|
|
|a Closed-captioned.
|
| 511 |
1 |
|
|a John Rhys-Davies, Mark Kinsey Stephenson, Charles Klausmeyer, Maria Ford, David Warner.
|
| 508 |
|
|
|a Directors of photography, Greg Gardiner, Roger Olkowski ; music composed by David Bergeaud.
|
| 500 |
|
|
|a "Lions Gate Home Entertainment"--Opening screen.
|
| 500 |
|
|
|a Videodisc release of the 1993 motion picture.
|
| 521 |
|
|
|a Rated R.
|
| 500 |
|
|
|a Based on H.P. Lovecraft's short story The statement of Randolph Carter, originally written in 1919 and published in 1920. The film is a sequel to The unnamable, based on Lovecraft's short story with the same title, originally written in 1923 and published in 1925.
|
| 520 |
|
|
|a Randolph Carter is investigating a series of bizarre murders at Miskatonic University. The evidence leads back to a 17th century warlock whose experiments with quantum physics summoned a force from another dimension. Deep in the earth lies Alyda-half woman, half-demon. She wants to return to the mortal plane. Able to warp space and time, she claims a new victim at every turn.
|
| 500 |
|
|
|a Videorecording.
|
| 650 |
|
7 |
|a Horror films.
|2 lcgft
|
| 655 |
|
7 |
|a Feature films.
|2 lcgft
|
| 655 |
|
7 |
|a Fiction films.
|2 lcgft
|
| 650 |
|
7 |
|a Video recordings for the hearing impaired.
|2 lcgft
|
| 700 |
1 |
|
|a Gee, Kris.
|
| 700 |
1 |
|
|a Sho, B.
|
| 700 |
1 |
|
|a Gale, Ron.
|
| 700 |
1 |
|
|a Grace, Phil.
|
| 700 |
1 |
|
|a Ouellette, Jean-Paul.
|
| 700 |
1 |
|
|a Durrell, Alexandra.
|
| 700 |
1 |
|
|a Gardiner, Greg.
|
| 700 |
1 |
|
|a Olkowski, Roger.
|
| 700 |
1 |
|
|a Bergeaud, David.
|
| 700 |
1 |
|
|a Rhys-Davies, John.
|
| 700 |
1 |
|
|a Stephenson, Mark Kinsey.
|
| 700 |
1 |
|
|a Klausmeyer, Charles.
|
| 700 |
1 |
|
|a Ford, Maria,
|d 1966-
|
| 700 |
1 |
|
|a Warner, David,
|d 1941-
|
| 700 |
1 |
|
|a Lovecraft, H. P.
|q (Howard Phillips),
|d 1890-1937.
|t Statement of Randolph Carter.
|
| 700 |
1 |
|
|a Lovecraft, H. P.
|q (Howard Phillips),
|d 1890-1937.
|t Unnamable.
|
| 710 |
2 |
|
|a Lions Gate Entertainment (Firm)
|
| 710 |
2 |
|
|a Yankee Classic Pictures.
|
| 710 |
2 |
|
|a AM East Productions.
|
| 710 |
2 |
|
|a Prism Pictures.
|
| 710 |
2 |
|
|a Prism Entertainment Corp.
|
| 710 |
2 |
|
|a New Age Entertainment.
|
| 710 |
2 |
|
|a Lions Gate Home Entertainment.
|
| 994 |
|
|
|a C0
|b TXA
|
| 948 |
|
|
|a cataloged
|b h
|c 2012/6/21
|d c
|e blrosas
|f 1:27:45 pm
|
| 999 |
|
|
|a MARS
|
| 999 |
f |
f |
|s f4f14f5f-6335-37d7-bc1d-19589462c1c2
|i 3dd328d1-529a-36d4-857d-c4c4b6d37ac6
|t 0
|
| 952 |
f |
f |
|p dvd
|a Texas A&M University
|b College Station
|c Sterling C. Evans Library
|d Evans: Media and Reserves (Annex 1st floor)
|t 0
|e PN1995.9.H6 U63 2003
|h Library of Congress classification
|i video -- videodisc
|m A14841433837
|
| 998 |
f |
f |
|a PN1995.9.H6 U63 2003
|t 0
|l Evans: Media and Reserves (Annex 1st floor)
|